[Event "Otocec Krka Terme op"]
[Site "Otocec"]
[Date "2016.10.23"]
[Round "5"]
[White "Hercog, Nusa"]
[Black "Dobrovoljc, Andreja"]
[Result "1-0"]
[WhiteElo "1961"]
[BlackElo "1856"]
[PlyCount "67"]
[EventDate "2016.10.21"]
[EventType "swiss"]
[EventRounds "5"]
[EventCountry "SLO"]
[SourceTitle "EXT 2019"]
[Source "ChessBase"]
[SourceDate "2018.10.10"]
[SourceVersion "1"]
[SourceVersionDate "2018.10.10"]
[SourceQuality "1"]

1. d4 Nf6 2. c4 g6 3. f3 Bg7 4. e4 d6 5. Nc3 0-0 6. Be3 c5 7. Nge2 Nc6 8. d5 Nb4 9. a3 Na6 10. g4 Nc7 11. Ng3 a6 12. Qd2 Bd7 13. h4 b5 14. h5 Bxg4 15. fxg4 Nxg4 16. Be2 Nxe3 17. Qxe3 bxc4 18. Bxc4 Nb5 19. Bxb5 axb5 20. Nd1 Qa5+ 21. Qd2 Be5 22. Ne2 Qxd2+ 23. Kxd2 b4 24. a4 f5 25. hxg6 hxg6 26. exf5 Rxf5 27. Ne3 Rf6 28. Nc4 Bf4+ 29. Kd3 Raf8 30. Rhf1 Be5 31. Rxf6 exf6 32. a5 Ra8 33. a6 Ra7 34. Nxe5 1-0

[Event "Otocec Krka Terme op"]
[Site "Otocec"]
[Date "2015.11.21"]
[Round "3"]
[White "Urh, Zala"]
[Black "Dobrovoljc, Andreja"]
[Result "0-1"]
[WhiteElo "2051"]
[BlackElo "1822"]
[PlyCount "126"]
[EventDate "2015.11.20"]
[EventType "swiss"]
[EventRounds "5"]
[EventCountry "SLO"]
[SourceTitle "EXT 2019"]
[Source "ChessBase"]
[SourceDate "2018.10.10"]
[SourceVersion "1"]
[SourceVersionDate "2018.10.10"]
[SourceQuality "1"]

1. d4 Nf6 2. c4 g6 3. Nc3 Bg7 4. e4 d6 5. Nf3 0-0 6. Be2 c5 7. d5 Na6 8. 0-0 Nc7 9. h3 Bd7 10. Qc2 a6 11. Bf4 Nh5 12. Be3 b5 13. Nd2 Nf6 14. Bd3 bxc4 15. Nxc4 Nb5 16. f4 Nxc3 17. bxc3 Bb5 18. Rab1 Qc7 19. Nd2 Bxd3 20. Qxd3 Nd7 21. Nf3 c4 22. Qc2 Rfb8 23. Bd4 Nc5 24. Bxg7 Kxg7 25. Nd4 Rxb1 26. Rxb1 Rb8 27. Nc6 Rb5 28. Rb4 Nd3 29. Rxc4 Nxf4 30. Qd2 Qb6+ 31. Kh2 Nxg2 32. Qd4+ Qxd4 33. Rxd4 Rb2 34. Ra4 Nf4+ 35. Kg3 Ne2+ 36. Kf3 Nxc3 37. Rxa6 Rxa2 38. Rxa2 Nxa2 39. Nxe7 Kf6 40. Nc6 Nc3 41. h4 h6 42. Kf4 g5+ 43. hxg5+ hxg5+ 44. Kf3 g4+ 45. Kxg4 Nxe4 46. Kf4 Nc3 47. Nb4 Kg6 48. Ke3 f5 49. Kf3 Ne4 50. Nc6 Nc5 51. Ke3 Kg5 52. Kf3 Nd7 53. Nd4 Ne5+ 54. Kg3 f4+ 55. Kf2 Kg4 56. Kg2 f3+ 57. Kf2 Nd3+ 58. Kf1 Kf4 59. Ne6+ Ke3 60. Ng5 Ne5 61. Ne6 Ng4 62. Kg1 f2+ 63. Kg2 Nh2 0-1

[Event "SLO-chT U20 Girls"]
[Site "Otocec"]
[Date "2015.08.27"]
[Round "2"]
[White "Cvitan, Ena"]
[Black "Dobrovoljc, Andreja"]
[Result "1-0"]
[WhiteElo "1971"]
[BlackElo "1810"]
[PlyCount "87"]
[EventDate "2015.08.26"]
[EventType "team-tourn"]
[EventRounds "5"]
[EventCountry "SLO"]
[SourceTitle "EXT 2019"]
[Source "ChessBase"]
[SourceDate "2018.10.10"]
[SourceVersion "1"]
[SourceVersionDate "2018.10.10"]
[SourceQuality "1"]

1. Nf3 Nf6 2. b3 e6 3. Bb2 d5 4. d4 Be7 5. e3 0-0 6. Bd3 b6 7. Ne5 Bb7 8. 0-0 Nbd7 9. Qf3 Rc8 10. Qh3 h6 11. f4 Nxe5 12. fxe5 Ne4 13. Bxe4 dxe4 14. Nd2 Bg5 15. Rae1 c5 16. c4 cxd4 17. Bxd4 Qe7 18. Qg4 f5 19. exf6 Bxf6 20. Nxe4 Bxd4 21. exd4 Rxf1+ 22. Rxf1 Bxe4 23. Qxe4 Re8 24. Qe5 Rf8 25. Re1 Rf6 26. Rf1 Rf8 27. g3 Rxf1+ 28. Kxf1 Qf7+ 29. Ke2 Qg6 30. Kf3 Qd3+ 31. Kg2 Qc2+ 32. Kh3 Qg6 33. c5 bxc5 34. dxc5 Qf7 35. Kg2 Qb7+ 36. Kf2 Kf7 37. Qf4+ Kg8 38. Qe5 Kf7 39. Qd6 Qe4 40. Qf4+ Qf5 41. b4 Ke7 42. Qxf5 exf5 43. a4 Kd7 44. b5 1-0

[Event "SLO-chT U20 Girls"]
[Site "Otocec"]
[Date "2015.08.27"]
[Round "3"]
[White "Dobrovoljc, Andreja"]
[Black "Skuhala, Barbara"]
[Result "1/2-1/2"]
[WhiteElo "1810"]
[BlackElo "1875"]
[PlyCount "64"]
[EventDate "2015.08.26"]
[EventType "team-tourn"]
[EventRounds "5"]
[EventCountry "SLO"]
[SourceTitle "EXT 2019"]
[Source "ChessBase"]
[SourceDate "2018.10.10"]
[SourceVersion "1"]
[SourceVersionDate "2018.10.10"]
[SourceQuality "1"]

1. d4 Nf6 2. c4 e6 3. Nf3 b6 4. e3 Bb7 5. Be2 Be7 6. 0-0 0-0 7. Nc3 d5 8. cxd5 exd5 9. b3 Nbd7 10. Bb2 Rc8 11. Rc1 a6 12. Rc2 Bd6 13. Qc1 Qe7 14. Rd1 Rfe8 15. Nb1 Ne4 16. Ba3 c6 17. Bxd6 Qxd6 18. Nc3 Re6 19. Nxe4 Rxe4 20. Bd3 Ree8 21. Bf5 Rc7 22. Bxd7 Rxd7 23. Ne5 Rc7 24. Rd3 Re6 25. Rdc3 Rh6 26. h3 Re6 27. a3 Rh6 28. Ng4 Re6 29. Ne5 Rh6 30. Ng4 Re6 31. Ne5 Rh6 32. Ng4 Re6 1/2-1/2

[Event "SLO-ch U20 Girls 18th"]
[Site "Maribor"]
[Date "2015.07.06"]
[Round "3"]
[White "Dobrovoljc, Andreja"]
[Black "Bajt, Hana"]
[Result "1-0"]
[WhiteElo "1765"]
[BlackElo "1586"]
[PlyCount "59"]
[EventDate "2015.07.04"]
[EventType "tourn"]
[EventRounds "7"]
[EventCountry "SLO"]
[SourceTitle "EXT 2019"]
[Source "ChessBase"]
[SourceDate "2018.10.10"]
[SourceVersion "1"]
[SourceVersionDate "2018.10.10"]
[SourceQuality "1"]

1. d4 d5 2. c4 c6 3. Nc3 Nf6 4. Bg5 Nbd7 5. e3 h6 6. Bh4 e6 7. Nf3 Be7 8. Rc1 b6 9. Be2 0-0 10. 0-0 Bb7 11. cxd5 cxd5 12. Qb3 Ne4 13. Nxe4 dxe4 14. Bxe7 Qxe7 15. Nd2 Bd5 16. Bc4 Qd6 17. Bxd5 exd5 18. Rc2 Rac8 19. Rfc1 Rxc2 20. Rxc2 f5 21. Qa4 Ra8 22. Rc6 Qe7 23. Rc7 Rd8 24. Qxa7 Qe6 25. Qb7 g5 26. a3 Kf8 27. Rc6 Qe7 28. Rxh6 Qg7 29. Rd6 f4 30. Qxd5 1-0

[Event "SLO-ch U20 Girls 18th"]
[Site "Maribor"]
[Date "2015.07.05"]
[Round "2"]
[White "Kojek, Zala"]
[Black "Dobrovoljc, Andreja"]
[Result "0-1"]
[WhiteElo "1496"]
[BlackElo "1765"]
[PlyCount "138"]
[EventDate "2015.07.04"]
[EventType "tourn"]
[EventRounds "7"]
[EventCountry "SLO"]
[SourceTitle "EXT 2019"]
[Source "ChessBase"]
[SourceDate "2018.10.10"]
[SourceVersion "1"]
[SourceVersionDate "2018.10.10"]
[SourceQuality "1"]

1. d4 Nf6 2. Nf3 g6 3. g3 Bg7 4. Bg2 0-0 5. 0-0 d6 6. c4 c5 7. e3 Na6 8. Nc3 Nc7 9. Qd2 Rb8 10. Rd1 Be6 11. Qd3 b5 12. Nd2 cxd4 13. exd4 bxc4 14. Nxc4 Nfd5 15. a3 Rb3 16. Na5 Rb6 17. Nc4 Nxc3 18. bxc3 Bxc4 19. Qxc4 d5 20. Qe2 Nb5 21. Bb2 e6 22. a4 Nd6 23. Ba3 Qd7 24. Bc5 Rb3 25. Bb4 Rc8 26. Ra2 Nf5 27. Qg4 Bxd4 28. Rxd4 Nxd4 29. Qxd4 Rb1+ 30. Bf1 Qc7 31. Kg2 a5 32. Ba6 Ra8 33. Bd3 Rd1 34. Ba3 e5 35. Qe3 Qxc3 36. Be2 Qxe3 37. fxe3 Rb1 38. Bf3 e4 39. Be2 Rc8 40. Kf2 Rc3 41. Bd6 f6 42. Bb5 Rh1 43. Kg2 Re1 44. Rd2 Rexe3 45. Rxd5 Rc2+ 46. Kh3 Rf3 47. Bc5 e3 48. Kg4 Rff2 49. h3 Rfd2 50. Bd3 Rxd3 51. Rxd3 Rxc5 52. Rxe3 Rc4+ 53. Kf3 Rxa4 54. Re8+ Kf7 55. Ra8 h5 56. Ra7+ Ke6 57. Ra6+ Kf5 58. Ra7 g5 59. Ke3 Ra3+ 60. Kf2 a4 61. Ra5+ Kg6 62. Ra6 h4 63. gxh4 gxh4 64. Kg2 Kg5 65. Ra5+ f5 66. Kh2 Ra2+ 67. Kg1 Kf4 68. Kh1 Kg3 69. Rxf5 Ra1+ 0-1

[Event "SLO-ch U18 Girls"]
[Site "Bled"]
[Date "2015.02.23"]
[Round "1"]
[White "Dobrovoljc, Andreja"]
[Black "Franca, Veronika"]
[Result "0-1"]
[WhiteElo "1791"]
[BlackElo "1916"]
[PlyCount "72"]
[EventDate "2015.02.21"]
[EventType "tourn"]
[EventRounds "7"]
[EventCountry "SLO"]
[SourceTitle "EXT 2023"]
[Source "ChessBase"]
[SourceDate "2022.10.05"]
[SourceVersion "1"]
[SourceVersionDate "2022.10.05"]
[SourceQuality "1"]

1. d4 Nf6 2. c4 e6 3. Nf3 Bb4+ 4. Bd2 Qe7 5. g3 d5 6. c5 Bxd2+ 7. Nbxd2 Nc6 8. Bg2 e5 9. dxe5 Nxe5 10. Rc1 Nd3+ 11. Kf1 Nxc1 12. Qxc1 0-0 13. Nd4 b6 14. Nc6 Qe8 15. Nb4 Bg4 16. Nf3 Qb5 17. Nd3 Rfe8 18. h3 Bh5 19. g4 Bg6 20. Nfe5 Be4 21. f3 Bxd3 22. Nxd3 Qc4 23. Qxc4 dxc4 24. Nb4 Rad8 25. Ke1 bxc5 26. Na6 Rd6 27. Nxc5 Rb6 28. b3 Rb5 29. Na6 cxb3 30. axb3 Rxb3 31. Kf2 Rb2 32. Re1 Nd5 33. Bf1 Nf4 34. Kg3 Nxe2+ 35. Bxe2 Rexe2 36. Rd1 g5 0-1

[Event "Novo Mesto op"]
[Site "Novo Mesto"]
[Date "2014.11.08"]
[Round "9"]
[White "Rifelj, Luka"]
[Black "Dobrovoljc, Andreja"]
[Result "0-1"]
[WhiteElo "1903"]
[BlackElo "1762"]
[PlyCount "76"]
[EventDate "2014.10.31"]
[EventType "swiss"]
[EventRounds "9"]
[EventCountry "SLO"]
[SourceTitle "EXT 2019"]
[Source "ChessBase"]
[SourceDate "2018.10.10"]
[SourceVersion "1"]
[SourceVersionDate "2018.10.10"]
[SourceQuality "1"]

1. d4 Nf6 2. c4 g6 3. Nc3 Bg7 4. e4 d6 5. Nf3 0-0 6. Be2 c5 7. d5 Na6 8. 0-0 Nc7 9. a4 a6 10. a5 Rb8 11. Qc2 Bd7 12. h3 b5 13. axb6 Rxb6 14. Be3 Qb8 15. Ra2 Qb7 16. Nd2 Rb8 17. b3 Qc8 18. Kh2 e6 19. f4 exd5 20. cxd5 Qe8 21. Bc4 Nb5 22. Bxb5 Bxb5 23. Re1 Bd7 24. Ra3 Qc8 25. Nc4 Rb4 26. Nxd6 Qc7 27. Nc4 Bb5 28. Qf2 Bxc4 29. bxc4 Rxc4 30. e5 Rxc3 31. Rxc3 Ne4 32. Qc2 Nxc3 33. Qxc3 c4 34. Rc1 Rc8 35. Bd4 Bh6 36. g3 Qd7 37. Rb1 Qxd5 38. Rb6 Rd8 0-1

[Event "Novo Mesto op"]
[Site "Novo Mesto"]
[Date "2014.11.02"]
[Round "5"]
[White "Dobrovoljc, Andreja"]
[Black "Urbanc, Ana"]
[Result "1-0"]
[WhiteElo "1762"]
[BlackElo "1554"]
[PlyCount "103"]
[EventDate "2014.10.31"]
[EventType "swiss"]
[EventRounds "9"]
[EventCountry "SLO"]
[SourceTitle "EXT 2019"]
[Source "ChessBase"]
[SourceDate "2018.10.10"]
[SourceVersion "1"]
[SourceVersionDate "2018.10.10"]
[SourceQuality "1"]

1. d4 d5 2. c4 c6 3. Nc3 Nf6 4. Bg5 g6 5. Bxf6 exf6 6. cxd5 cxd5 7. Qb3 Nc6 8. e3 Bb4 9. Bb5 Bxc3+ 10. Qxc3 Bd7 11. Ne2 a6 12. Bxc6 Bxc6 13. 0-0 0-0 14. Rfc1 Rc8 15. Qd2 Qd7 16. Nf4 b6 17. Qb4 Qb7 18. Qd6 f5 19. Rc3 Rfd8 20. Qf6 Rd7 21. Rac1 Rdc7 22. Nxd5 Bxd5 23. Rxc7 Rxc7 24. Qd8+ Kg7 25. Rxc7 Qa8 26. Qxa8 Bxa8 27. Ra7 Bd5 28. Rxa6 Bc4 29. Rxb6 Bxa2 30. b4 Kf8 31. Kf1 Ke7 32. Ke1 Kd7 33. Kd2 Kc7 34. Ra6 Bc4 35. Ra5 Be6 36. Rc5+ Kb7 37. d5 Bd7 38. Kc3 f4 39. Kd4 fxe3 40. fxe3 f6 41. e4 h5 42. e5 fxe5+ 43. Kxe5 g5 44. Kd6 Bf5 45. Ke7 h4 46. d6 Bg4 47. d7 Bxd7 48. Kxd7 g4 49. Rb5+ Ka6 50. Kc6 Ka7 51. Kc7 h3 52. Ra5# 1-0

[Event "Novo Mesto op"]
[Site "Novo Mesto"]
[Date "2014.10.31"]
[Round "1"]
[White "Dobrovoljc, Andreja"]
[Black "Ruzic, Pia Marie"]
[Result "1-0"]
[WhiteElo "1762"]
[BlackElo "1349"]
[PlyCount "29"]
[EventDate "2014.10.31"]
[EventType "swiss"]
[EventRounds "9"]
[EventCountry "SLO"]
[SourceTitle "EXT 2019"]
[Source "ChessBase"]
[SourceDate "2018.10.10"]
[SourceVersion "1"]
[SourceVersionDate "2018.10.10"]
[SourceQuality "1"]

1. d4 d5 2. c4 e5 3. e3 e4 4. Nc3 Nf6 5. cxd5 Nxd5 6. Bc4 Nxc3 7. bxc3 Nc6 8. Ne2 Bd6 9. Ng3 Bxg3 10. hxg3 0-0 11. Ba3 Re8 12. Qh5 h6 13. Bxf7+ Kh8 14. Qg6 Qf6 15. Rxh6+ 1-0

[Event "EU-ch U18 Girls 24th"]
[Site "Batumi"]
[Date "2014.10.20"]
[Round "2"]
[White "Dobrovoljc, Andreja"]
[Black "Solovyova, Anastasia"]
[Result "1/2-1/2"]
[WhiteElo "1762"]
[BlackElo "1917"]
[PlyCount "110"]
[EventDate "2014.10.19"]
[EventType "swiss"]
[EventRounds "9"]
[EventCountry "GEO"]
[SourceTitle "EXT 2015"]
[Source "ChessBase"]
[SourceDate "2014.11.20"]
[SourceVersion "1"]
[SourceVersionDate "2014.11.20"]
[SourceQuality "1"]

1. d4 d5 2. c4 c6 3. Nc3 Nf6 4. e3 g6 5. Nf3 Bg7 6. Bd3 0-0 7. 0-0 dxc4 8. Bxc4 b5 9. Bd3 Nbd7 10. Ne4 Bb7 11. Qc2 Qb6 12. Nc5 Rab8 13. a4 a6 14. Bd2 Ra8 15. Bb4 Nxc5 16. Bxc5 Qd8 17. Ne5 Nd7 18. Nxd7 Qxd7 19. Be4 f5 20. Bf3 Rf7 21. Rfd1 Qc7 22. Rac1 e5 23. dxe5 Bxe5 24. g3 Rd7 25. Qb3+ Kh8 26. Qe6 Rf7 27. Bd4 Bxd4 28. Rxd4 Qe7 29. Qxe7 Rxe7 30. Rd6 c5 31. Bxb7 Rxb7 32. Rxc5 bxa4 33. Ra5 Rb4 34. Rdxa6 Re8 35. Rxa4 Rxb2 36. Ra8 Rxa8 37. Rxa8+ Kg7 38. Ra7+ Kh6 39. Kg2 g5 40. Re7 Kg6 41. h4 g4 42. Re6+ Kf7 43. Rc6 Rd2 44. Rc4 Kf6 45. e4 fxe4 46. Rxe4 h5 47. Rf4+ Kg6 48. Kf1 Rc2 49. Rd4 Rb2 50. Rd6+ Kg7 51. Ke1 Ra2 52. Rd2 Ra3 53. Ke2 Kg6 54. Rd6+ Kg7 55. Rd3 Ra6 1/2-1/2

[Event "SLO-chT U20 Girls"]
[Site "Bled"]
[Date "2014.08.27"]
[Round "5.1"]
[White "Hrescak, Ivana"]
[Black "Dobrovoljc, Andreja"]
[Result "0-1"]
[WhiteElo "2020"]
[BlackElo "1727"]
[PlyCount "120"]
[EventDate "2014.08.23"]
[EventType "team-swiss"]
[EventRounds "5"]
[EventCountry "SLO"]
[SourceTitle "EXT 2022"]
[Source "ChessBase"]
[SourceDate "2021.10.06"]
[SourceVersion "1"]
[SourceVersionDate "2021.10.06"]
[SourceQuality "1"]
[WhiteTeam "Postojna U20 Girls"]
[BlackTeam "Novo Mesto Krka U20g"]
[WhiteTeamCountry "SLO"]
[BlackTeamCountry "SLO"]

1. d4 Nf6 2. c4 g6 3. Nc3 Bg7 4. e4 d6 5. f3 0-0 6. Be3 Nbd7 7. Nge2 c5 8. d5 a6 9. a4 Rb8 10. Ng3 Nb6 11. Be2 Na8 12. 0-0 Bd7 13. e5 Ne8 14. exd6 exd6 15. Bf4 Nac7 16. Nge4 Bf5 17. Bg5 Qd7 18. Qd2 Bxe4 19. fxe4 f5 20. h3 Bd4+ 21. Kh1 Ng7 22. Bh6 fxe4 23. Nxe4 Rxf1+ 24. Rxf1 Qe7 25. Bd3 Nf5 26. Bg5 Qxe4 27. Rxf5 Qe8 28. Rf1 Qxa4 29. Qf4 Qd7 30. b4 Be5 31. Qd2 cxb4 32. Qxb4 Ne8 33. Qb6 Ng7 34. Qf2 Nh5 35. Bh4 Qg7 36. Be2 Nf4 37. Bg5 Nxe2 38. Qxe2 Rf8 39. Rxf8+ Qxf8 40. Qf3 Qxf3 41. gxf3 a5 42. Bc1 Kf7 43. Kg2 Bc3 44. Kf2 Bb4 45. Ke3 Kf6 46. Ke4 g5 47. f4 gxf4 48. Kxf4 a4 49. Bb2+ Kg6 50. Bc1 a3 51. Ke4 Kh5 52. Kd3 Kh4 53. Kc2 Kxh3 54. Kb3 Bc5 55. Bxa3 b6 56. Bxc5 bxc5 57. Ka4 Kg4 58. Kb5 h5 59. Kc6 h4 60. Kxd6 h3 0-1

[Event "SLO-ch U20 Girls"]
[Site "Smarjeske Toplice"]
[Date "2014.06.26"]
[Round "4"]
[White "Dobrovoljc, Andreja"]
[Black "Leonardi, Caterina"]
[Result "1-0"]
[WhiteElo "1717"]
[BlackElo "1964"]
[PlyCount "89"]
[EventDate "2014.06.24"]
[EventType "swiss"]
[EventRounds "9"]
[EventCountry "SLO"]
[SourceTitle "EXT 2019"]
[Source "ChessBase"]
[SourceDate "2018.10.10"]
[SourceVersion "1"]
[SourceVersionDate "2018.10.10"]
[SourceQuality "1"]

1. d4 d5 2. c4 c6 3. Nc3 Nf6 4. e3 g6 5. Nf3 Bg7 6. Bd2 0-0 7. Rc1 a6 8. cxd5 Nxd5 9. Nxd5 cxd5 10. Be2 Nc6 11. 0-0 Qd6 12. Qb3 b5 13. Rc5 e6 14. Rfc1 Bd7 15. Rxc6 Bxc6 16. Bb4 Qd7 17. Bxf8 Rxf8 18. Qa3 Bb7 19. Nd2 Rc8 20. Rxc8+ Qxc8 21. Nb3 Qc2 22. Bf1 e5 23. Qe7 Qc8 24. dxe5 Bf8 25. Qf6 Qe8 26. Nd4 Bc8 27. Qc6 Qxc6 28. Nxc6 Bb7 29. Nd4 Bg7 30. f4 Kf8 31. Kf2 Ke7 32. Ke2 f6 33. exf6+ Bxf6 34. Kd3 Kd6 35. b4 Bc8 36. Be2 Bd7 37. Bf3 Bd8 38. e4 dxe4+ 39. Bxe4 a5 40. bxa5 Bxa5 41. f5 g5 42. f6 h5 43. f7 Ke7 44. Bc6 Bb4 45. f8Q+ 1-0

[Event "Novo Mesto op"]
[Site "Novo Mesto"]
[Date "2013.11.03"]
[Round "8"]
[White "Dobrovoljc, Andreja"]
[Black "Acimovic, Sergej"]
[Result "1-0"]
[WhiteElo "1688"]
[BlackElo "1506"]
[PlyCount "77"]
[EventDate "2013.10.31"]
[EventType "swiss"]
[EventRounds "9"]
[EventCountry "SLO"]
[SourceTitle "EXT 2015"]
[Source "ChessBase"]
[SourceDate "2014.11.20"]
[SourceVersion "1"]
[SourceVersionDate "2014.11.20"]
[SourceQuality "1"]

1. d4 d5 2. c4 e6 3. Nc3 Nf6 4. Bg5 Be7 5. e3 h6 6. Bh4 0-0 7. Nf3 b6 8. Rc1 Bb7 9. Bxf6 Bxf6 10. cxd5 exd5 11. Be2 c5 12. dxc5 bxc5 13. 0-0 Bxc3 14. Rxc3 Qb6 15. Rb3 Qc7 16. Qc2 Nd7 17. Bb5 Nf6 18. Rc1 Rac8 19. Ra3 Rfd8 20. Rxa7 Qb6 21. Qa4 Ra8 22. Rxa8 Rxa8 23. Qb3 Rb8 24. Be2 Qxb3 25. axb3 Ba8 26. Rxc5 Rxb3 27. Rc8+ Kh7 28. Rxa8 Rxb2 29. Bf1 Ne4 30. Bd3 f5 31. Bxe4 dxe4 32. Ne1 Kg6 33. Ra1 Kg5 34. g3 h5 35. Kg2 h4 36. gxh4+ Kxh4 37. Ra8 Kg5 38. Kg3 g6 39. h4+ 1-0

[Event "EU-ch U16 Girls 23rd"]
[Site "Budva"]
[Date "2013.10.06"]
[Round "7"]
[White "Trippold, Denise"]
[Black "Dobrovoljc, Andreja"]
[Result "1/2-1/2"]
[WhiteElo "1791"]
[BlackElo "1694"]
[PlyCount "70"]
[EventDate "2013.09.29"]
[EventType "swiss"]
[EventRounds "9"]
[EventCountry "MNE"]
[SourceTitle "EXT 2014"]
[Source "ChessBase"]
[SourceDate "2013.11.20"]
[SourceVersion "1"]
[SourceVersionDate "2013.11.20"]
[SourceQuality "1"]

1. d4 Nf6 2. c4 g6 3. Nc3 Bg7 4. e4 d6 5. h3 0-0 6. Nf3 c5 7. d5 Na6 8. Bd3 Bd7 9. 0-0 Nc7 10. Re1 a6 11. a4 Rb8 12. Bf4 b5 13. axb5 axb5 14. e5 Nfe8 15. Ne4 Bf5 16. b3 Bxe4 17. Bxe4 f6 18. exd6 exd6 19. Bd3 b4 20. Ra2 Rf7 21. Rae2 Ra8 22. h4 Bf8 23. Bb1 Ng7 24. Nh2 Nh5 25. Bc1 Re7 26. Ng4 Rxe2 27. Qxe2 Qd7 28. Qf3 Re8 29. Re2 Rxe2 30. Qxe2 f5 31. Nh6+ Kg7 32. Bxf5 Qe7 33. Bg4 Qxh4 34. Bxh5 Qxh5 35. Qxh5 gxh5 1/2-1/2

[Event "EU-ch U16 Girls 23rd"]
[Site "Budva"]
[Date "2013.09.30"]
[Round "2"]
[White "Dobrovoljc, Andreja"]
[Black "Wozniak, Mariola"]
[Result "0-1"]
[WhiteElo "1694"]
[BlackElo "2047"]
[PlyCount "114"]
[EventDate "2013.09.29"]
[EventType "swiss"]
[EventRounds "9"]
[EventCountry "MNE"]
[SourceTitle "EXT 2014"]
[Source "ChessBase"]
[SourceDate "2013.11.20"]
[SourceVersion "1"]
[SourceVersionDate "2013.11.20"]
[SourceQuality "1"]

1. d4 d5 2. c4 dxc4 3. Nc3 a6 4. e3 Nf6 5. Bxc4 e6 6. Nf3 c5 7. 0-0 b5 8. Be2 Bb7 9. dxc5 Bxc5 10. Qxd8+ Kxd8 11. b3 Ke7 12. Rd1 Nbd7 13. Bb2 Rac8 14. Rac1 Rhd8 15. Kf1 Bd6 16. h3 e5 17. Ke1 g6 18. Kf1 h6 19. Nh2 e4 20. Ng4 Nxg4 21. Bxg4 f5 22. Be2 Be5 23. Ba3+ Ke6 24. Bb4 Nb8 25. Nb1 Rxd1+ 26. Rxd1 Bd5 27. g4 Nd7 28. h4 Nf6 29. g5 hxg5 30. hxg5 Nh7 31. Nd2 Nxg5 32. a4 Rh8 33. Ke1 bxa4 34. bxa4 Rh1+ 35. Bf1 Bc6 36. Nb3 Nf3+ 37. Ke2 Ng1+ 38. Kd2 Kf6 39. Nc5 Rh2 40. Bxa6 Rxf2+ 41. Kc1 Ne2+ 42. Bxe2 Rxe2 43. a5 Rb2 44. Ba3 Ra2 45. Bb4 Ba4 46. Nxa4 Rxa4 47. Be1 Bc7 48. Bc3+ Ke6 49. Rg1 Kf7 50. Rh1 Bxa5 51. Rh7+ Ke6 52. Bd4 Rc4+ 53. Kb2 Bb6 54. Kb3 Rc6 55. Bxb6 Rxb6+ 56. Kc4 Rc6+ 57. Kb3 Rd6 0-1

[Event "SLO-chT U20 Girls"]
[Site "Verzej"]
[Date "2013.08.31"]
[Round "5"]
[White "Dobrovoljc, Andreja"]
[Black "Kejzar, Petra"]
[Result "1/2-1/2"]
[WhiteElo "1694"]
[BlackElo "1774"]
[PlyCount "112"]
[EventDate "2013.08.29"]
[EventType "team-tourn"]
[EventRounds "5"]
[EventCountry "SLO"]
[SourceTitle "EXT 2015"]
[Source "ChessBase"]
[SourceDate "2014.11.20"]
[SourceVersion "1"]
[SourceVersionDate "2014.11.20"]
[SourceQuality "1"]

1. d4 f5 2. e4 fxe4 3. Nc3 Nf6 4. Bg5 d6 5. Bxf6 exf6 6. Nxe4 Qe7 7. Qe2 d5 8. Ng3 Bd7 9. 0-0-0 Qxe2 10. Bxe2 Nc6 11. Bb5 a6 12. Bxc6 Bxc6 13. Re1+ Kf7 14. Nf3 Bd7 15. Nd2 c5 16. dxc5 Bxc5 17. f3 Rac8 18. Nb3 Bf2 19. Re2 Bb6 20. Rd1 Bb5 21. Ree1 Bf2 22. Rh1 Rhd8 23. Nd4 Be8 24. Rhf1 Be3+ 25. Kb1 g6 26. Rfe1 Bxd4 27. Rxd4 Rc4 28. Red1 Rxd4 29. Rxd4 Bc6 30. Kc1 Re8 31. Kd2 f5 32. Ne2 Kf6 33. Nc3 Ke5 34. Ne2 Kd6 35. c3 g5 36. g3 Bb5 37. Nc1 Re6 38. h4 h6 39. h5 Be8 40. c4 Bc6 41. Nd3 a5 42. a3 Ke7 43. cxd5 Rd6 44. b4 Bxd5 45. Ke3 Bf7 46. Rxd6 Kxd6 47. g4 f4+ 48. Kd4 axb4 49. axb4 Be8 50. Nc5 b6 51. Ne4+ Ke6 52. Nd2 Bc6 53. Ne4 Bxe4 54. Kxe4 b5 55. Kd4 Kd6 56. Ke4 Ke6 1/2-1/2

[Event "SLO-ch U20 Girls"]
[Site "Kope"]
[Date "2013.07.13"]
[Round "1"]
[White "Kolsek, Meta"]
[Black "Dobrovoljc, Andreja"]
[Result "0-1"]
[WhiteElo "1441"]
[BlackElo "1676"]
[PlyCount "94"]
[EventDate "2013.07.13"]
[EventType "swiss"]
[EventRounds "7"]
[EventCountry "SLO"]
[SourceTitle "EXT 2024"]
[Source "ChessBase"]
[SourceDate "2023.10.10"]
[SourceVersion "1"]
[SourceVersionDate "2023.10.10"]
[SourceQuality "1"]

1. c4 Nf6 2. Nc3 g6 3. Nf3 Bg7 4. g3 0-0 5. Bg2 d6 6. 0-0 e5 7. d3 Nc6 8. Bg5 Ne7 9. Rc1 Rb8 10. Be3 b6 11. Nb5 a6 12. Na7 Bd7 13. Nd2 c5 14. Bg5 Qc7 15. Ne4 Nxe4 16. Bxe7 Rfe8 17. Bxe4 Rxe7 18. Nb5 axb5 19. cxb5 Bxb5 20. a4 Bc6 21. Bxc6 Qxc6 22. b4 Qe8 23. bxc5 dxc5 24. Qd2 Qxa4 25. Ra1 Qe8 26. Rfc1 e4 27. Ra6 exd3 28. exd3 Re2 29. Qf4 Re1+ 30. Rxe1 Qxe1+ 31. Kg2 Qe5 32. Qxe5 Bxe5 33. Ra3 b5 34. Rb3 b4 35. Kf3 Ra8 36. Ke4 Bd4 37. f4 Ra3 38. Rb1 b3 39. Kf3 b2 40. Re1 Ra1 41. Re2 b1Q 42. h4 Qxd3+ 43. Re3 Qxe3+ 44. Kg4 h5+ 45. Kh3 Rh1+ 46. Kg2 Rg1+ 47. Kh3 Qxg3# 0-1

[Event "SLO-ch U16 Girls"]
[Site "Murska Sobota"]
[Date "2013.02.27"]
[Round "7"]
[White "Dobrovoljc, Andreja"]
[Black "Kralj, Manca"]
[Result "0-1"]
[WhiteElo "1643"]
[BlackElo "1784"]
[PlyCount "84"]
[EventDate "2013.02.23"]
[EventType "tourn"]
[EventRounds "9"]
[EventCountry "SLO"]
[SourceTitle "EXT 2022"]
[Source "ChessBase"]
[SourceDate "2021.10.06"]
[SourceVersion "1"]
[SourceVersionDate "2021.10.06"]
[SourceQuality "1"]

1. d4 d5 2. c4 dxc4 3. e3 Nf6 4. Bxc4 e6 5. Nf3 b6 6. Nc3 Bb7 7. 0-0 Be7 8. b3 0-0 9. Bb2 Nc6 10. d5 exd5 11. Nxd5 Na5 12. Nxf6+ Bxf6 13. Qxd8 Bxd8 14. Be2 Be7 15. Rfd1 Rfd8 16. Be5 c5 17. Bc7 Rxd1+ 18. Rxd1 Bf6 19. Be5 Bxe5 20. Nxe5 f6 21. Nc4 Ba6 22. Bf3 Bb7 23. Nxa5 Bxf3 24. gxf3 bxa5 25. Rd7 a4 26. Rc7 axb3 27. axb3 Rb8 28. Rxc5 Rxb3 29. Rc8+ Kf7 30. Rc7+ Kg6 31. Rxa7 Rb5 32. Ra4 Kh5 33. f4 Rc5 34. Kg2 Rb5 35. Kg3 Rc5 36. e4 Rb5 37. Ra3 Kg6 38. f5+ Kf7 39. Ra7+ Kf8 40. Ra3 Kf7 41. f4 Ke7 42. Re3 Kd6 0-1